00966nam a2200253 i 450000100060000000300080000600500170001400800390003103500190007004000320008904100080012108200210012910000240015024500620017426000380023630000390027450400430031365100610035665100590041765100590047694200120053599900170054795201480056427892BD-RjUL20211209051220.0140327s1955 enkb b 001 0 eng a(BD-RjUL)27972 aDLCcDLCdDLCdBD-RjULbeng aeng00a968.04bPYI 19551 aPyrah, G. B.98555410aImperial policy and South Africa, 1902-10 /cG. B. Pyrah. aOxford :bClarendon Press,c1955. axvi, 272 p. :bill., map ;c21 cm. aBibliography: p. [250]-259. and index. 0aSouth AfricaxPolitics and governmenty1836-1909.985555 0aSouth AfricaxForeign relationszGreat Britain.985556 0aGreat BritainxForeign relationszSouth Africa.985557 2ddccBK c27892d27892 00102ddc40728NFICaRUCLbRUCLcReadingd1955-06-17eAllius book agencyg19.11l0o968.04 PYI 1955r2014-03-27 00:00:00tC-1w2014-03-27yBK